History of the Conquest of Mexico, with a preliminary view of the Ancient Mexican Civilization, and the Life of the conqueror, Hernando Cortés. New and revised edition with the author's latest correction and addition

Guardado en:
Detalles Bibliográficos
Autor principal: Prescott, William H. (Autor)
Formato: Libro
Lenguaje:inglés
español
Publicado: Londres Swan Sonneschein, Lowerey, & Co., Pater Noster square 1888
Edición:1a. ed
Materias:
Etiquetas: Agregar Etiqueta
Sin Etiquetas, Sea el primero en etiquetar este registro!

MARC

LEADER 00000nam a2200000 a 4500
001 UCJ8156
003 CL-VaPUC
008 070124e18880000UK |||||||||||||||||eng|d
041 0 7 |a eng  |2 CL-VaPUC 
041 0 7 |a spa  |2 CL-VaPUC 
082 0 4 |a 972  |b PRE  |2 21 
100 0 |a Prescott, William H.  |e author  |9 508780 
245 1 0 |a History of the Conquest of Mexico, with a preliminary view of the Ancient Mexican Civilization, and the Life of the conqueror, Hernando Cortés. New and revised edition with the author's latest correction and addition 
250 |a 1a. ed 
300 |a xxiv, 713 p 
942 |c BK 
945 |d 20070124 00:00:00  |a rinostro 
260 |a Londres  |b Swan Sonneschein, Lowerey, & Co., Pater Noster square  |c 1888 
500 |a 8§, pasta lujo, plancha dorada.- dos mapas.- reproducción de firma de Hernán Cortés 
600 0 7 |a CORTES, HERNAN  |2 CL-VaPUC  |9 258554 
600 0 7 |a MONTEZUMA  |2 CL-VaPUC  |9 513304 
650 0 |a Aztecas  |9 265930 
650 0 |a Mitología   |9 255719 
650 7 |a INSTITUCIONES  |2 CL-VaPUC  |9 329701 
650 0 |a Colonización española  |9 256592 
650 0 |a Mapas  |9 260844 
651 0 |a México  |9 255269 
583 |a last modification  |c 20070124 00:00:00  |k Rodrigo Vera 
999 |c 323952  |d 323950 
952 |0 0  |1 0  |4 0  |6 972_000000000000000_PRE_1888  |7 0  |8 X  |9 403824  |a FDOBUD  |b FDOBUD  |d 2019-11-22  |i 1073737  |o 972 PRE 1888  |p 1073737  |r 2019-11-22  |w 2019-11-22  |y BK_X  |k BUD